000 00410nam a2200145Ia 4500
008 230711s9999||||xx |||||||||||||| ||und||
041 _aENG
082 _a4.22
_bGA-M
100 _aGaonkar,Ramesh S
245 0 _aMicroprocessor Architecture, Programming, and Applications with the 8085
250 _a1st Ed.
260 _c1995
_aNew Delhi
_bWiley Eastern Limited
650 _aComputer Engineering
942 _cBK
999 _c2668
_d2668